00509nam a22001337a 4500020001600000082001000016100002200026245012600048260003500174300003100209650004800240700003000288856005700318 qHard Cover. a670.5 aAhmed, Saad Khan aFacility Layout Analysis & Improvement for Honda CD70 Cylinder machining at Atlas Engineering Limited /cSaad Ahmed Khan. aKarachi :bPNEC - NUST,c2014. axii, 53 p. : ill. ;c30cm. a MS-Industrial & Manufacturing Engineering  aSupervisor. Sajid Saleem. uhttp://10.250.8.41:8080/xmlui/handle/123456789/21266